000
00312nam a22001337a 4500
008
181009b xxu||||| |||| 00| 0 eng d
020
_a
9780813122571
041
_a
eng
080
_a
610
100
_a
4
101
_a
SHM
245
_a
The History and Practice of College Health
_c
Turner, H.S
942
_2
udc
_c
BK
999
_c
49182
_d
49182